| 000 | 01233nam2a22003131 4500 | ||
|---|---|---|---|
| 001 | v19\rc\2031725 | ||
| 005 | 20251118181528.5 | ||
| 035 | _a(NLR Aleph) 005110019 | ||
| 090 |
_a7483246 _c7483246 |
||
| 100 | _a20080925d1916 u y0rusy50 ca | ||
| 101 | 1 |
_arus _cfre |
|
| 102 | _aRU | ||
| 105 | _ay z ||||| | ||
| 200 | 1 | _aЖивопись в Нидерландах | |
| 210 | _d[1916] | ||
| 215 | _a124 с. | ||
| 225 | 1 |
_a... _v№ 663 |
|
| 461 | 0 |
_1001v19\rc\2031722 _12001#$aЛекции об искусстве$e(Философия искусства)$fПер. с фр. Н. Соболевского$gИпполит Тэн$vЧ. 3 _1700#1$aТэн$bИ.$f1828-1893$gИпполит _97483219 _aТэн, И. (1828-1893) _cМосква _d1916 _e[3-е изд.] _fПер. с фр. Н. Соболевского _nакц. о-во "Универс. б-ка" _o(Философия искусства) _tЛекции об искусстве _vЧ. 3 |
|
| 801 | 0 |
_aRU _bNLR _gpsbo |
|
| 801 | 0 |
_aRU _bRuMoRGB _2psbo |
|
| 801 | 1 |
_aRU _bProSoft-M _2rusmarc |
|
| 852 |
_aNLR _j37.40.10.1(663) |
||
| 899 |
_aRuMoRGB _jV 291/153 |
||
| 899 |
_aRuMoRGB _jV 34/236 |
||
| 899 | _aБАН | ||
| 899 | _aГПИБ | ||
| 899 | _aНБ МГУ | ||
| 942 | _cBOOK | ||
| 980 | _aNB | ||